| 000 | 00796nam a2200277Ia 4500 | ||
|---|---|---|---|
| 001 | dia_2699 | ||
| 003 | CHAP | ||
| 005 | 20230313093654.0 | ||
| 008 | 220117s1981 xx 000 0 und d | ||
| 010 | _a173218 | ||
| 020 | _a0-444-41897-0 | ||
| 040 | _cCHAP | ||
| 082 | _a664.1 D45 | ||
| 100 |
_aDelden, Edward _931548 |
||
| 245 |
_aStandard Fabrication Practices for Cane Sugar Mills / _c by Edward Delden |
||
| 260 |
_aAmsterdam, Holanda : _b Elsevier, _c1981 |
||
| 300 | _a253 p. | ||
| 400 | _a(SUGAR SERIES,1) | ||
| 503 | _aI.168174 | ||
| 650 |
_a1.Azucar _xfabricación y refinación _9153373 |
||
| 650 |
_aIngenieros azucareros _9153374 |
||
| 901 | _a664.1 D45 | ||
| 902 | _aM | ||
| 905 | _a0000001981 -UKA 0000000000ING00 | ||
| 942 |
_cLIBRO _2ddc |
||
| 999 |
_c173218 _d173218 |
||